00469nam a2200181 a 4500001001300000003000900013005001700022008004100039020001000080082001700090100001400107245001900121260004400140500003500184505003100219650002300250700001400273nice12345678IN_TiNIC20260116011453.0050524s1878 newa grp 000 0 ara  ac10000a297.409bMAJ aMajlisi,  aBaharul Anwaar aNew YorkbCross Road Publicationsc1878 aincludes index and biblioraphy2 aSeven Vols. Bound Together aSufism-Hagiography1 aMajlisi,